Top 20 Don Toliver Song - Statistics

General Stats
  • This quiz has been taken 18 times
  • The average score is 11 of 20
Answer Stats
# Album Score Song % Correct
3 Headstone Psycho 87 Tore Up
94%
4 Headstone Psycho 87 Bandit
88%
12 Octane 82 E85
88%
1 Love Sick 91 No Pole
88%
15 Heaven or Hell 81 Cardigan
81%
2 Heaven or Hell 89 No Idea
81%
6 Heaven or Hell 86 After party
69%
14 Donny Womak 81 Diva
63%
20 Octane 78 Gemstone
56%
18 Life of a Don 78 Flocky Flocky
50%
10 Hardstone psycho 83 Kryptonite
50%
16 F1 The Album 79 Lose my mind
50%
5 Love Sick 87 Embarrassed
38%
8 Hardstone psycho 84 Donny darko
31%
11 Life of a Don 82 Drugs N Hella Melodies
31%
13 Hardstone psycho 82 Love is a drug
31%
19 Lige of a Don 78 What you need
25%
9 Hardstone psycho 84 Geeked Up
19%
17 Heaven or hell 78 Cant feel my legs
13%
7 Sinners(OMPC) 85 Flames of fortune
6%
No matching quizzes found
Score Distribution
Percent of People with Each Score
Percentile by Number Answered
Your Score History
You have not taken this quiz